000 00252nam a2200109Ia 4500
008 190216s9999||||xx |||||||||||||| ||und||
100 _aPanikkar.K K
245 0 _aBanking Theory And Systems
260 _bKalyani Pub
_c1982
300 _a468p
942 _cBK
999 _c5002
_d5002